[Event "ODJM A 2024"]
[Site "Willingen GER"]
[Date "2024.05.19"]
[Round "1"]
[White "Hofmann, Benjamin"]
[Black "Kruse, Victor"]
[Result "0-1"]
[Termination "normal"]
[Board "15"]
[WhiteElo "1890"]
[BlackElo "2030"]
[WhiteClock "00:06:27"]
[BlackClock "00:32:52"]
[PlyCount "52"]
[WhiteFideId "16270266"]
[BlackFideId "16256964"]
[EventCountry "GER"]
[EventRounds "9"]
[EventType "swiss"]
[EventDate "2024.05.18"]

1. d4 {[%clk 01:30:57]} {[%emt 00:00:02]} f5 {[%clk 01:30:17]} {[%emt
00:00:44]} 2. c4 {[%clk 01:30:40]} {[%emt 00:00:47]} Nf6 {[%clk 01:28:31]}
{[%emt 00:02:16]} 3. Nf3 {[%clk 01:29:53]} {[%emt 00:01:17]} g6 {[%clk
01:28:51]} {[%emt 00:00:10]} 4. g3 {[%clk 01:29:20]} {[%emt 00:01:02]} Bg7
{[%clk 01:29:12]} {[%emt 00:00:10]} 5. Bg2 {[%clk 01:29:35]} {[%emt 00:00:15]}
O-O {[%clk 01:29:33]} {[%emt 00:00:09]} 6. O-O {[%clk 01:29:29]} {[%emt
00:00:36]} d6 {[%clk 01:29:57]} {[%emt 00:00:06]} 7. e3 {[%clk 01:25:56]}
{[%emt 00:04:03]} c6 {[%clk 01:28:50]} {[%emt 00:01:37]} 8. Nbd2 {[%clk
01:21:05]} {[%emt 00:05:21]} Qe8 {[%clk 01:27:50]} {[%emt 00:01:30]} 9. b3
{[%clk 01:13:24]} {[%emt 00:08:12]} Na6 {[%clk 01:16:54]} {[%emt 00:11:25]} 10.
Bb2 {[%clk 01:10:46]} {[%emt 00:03:08]} e5 {[%clk 01:12:56]} {[%emt 00:04:28]}
11. dxe5 {[%clk 01:05:39]} {[%emt 00:05:37]} Ng4 {[%clk 01:13:10]} {[%emt
00:00:15]} 12. h3 {[%clk 00:50:40]} {[%emt 00:15:29]} Nxe5 {[%clk 01:12:57]}
{[%emt 00:00:44]} 13. Nxe5 {[%clk 00:49:05]} {[%emt 00:02:04]} dxe5 {[%clk
01:12:12]} {[%emt 00:01:16]} 14. a3 {[%clk 00:38:57]} {[%emt 00:10:39]} e4
{[%clk 01:03:48]} {[%emt 00:08:53]} 15. Bxg7 {[%clk 00:34:24]} {[%emt
00:05:03]} Kxg7 {[%clk 01:04:12]} {[%emt 00:00:06]} 16. Qc2 {[%clk 00:34:02]}
{[%emt 00:00:52]} Qe5 {[%clk 01:03:58]} {[%emt 00:00:44]} 17. b4 {[%clk
00:33:03]} {[%emt 00:01:29]} Be6 {[%clk 01:01:58]} {[%emt 00:02:30]} 18. Nb3
{[%clk 00:32:01]} {[%emt 00:01:32]} c5 {[%clk 00:45:20]} {[%emt 00:17:07]} 19.
b5 {[%clk 00:29:38]} {[%emt 00:02:53]} Nb8 {[%clk 00:45:42]} {[%emt 00:00:08]}
20. Rfd1 {[%clk 00:28:16]} {[%emt 00:01:51]} Nd7 {[%clk 00:38:00]} {[%emt
00:08:13]} 21. Rac1 {[%clk 00:25:55]} {[%emt 00:02:49]} b6 {[%clk 00:37:49]}
{[%emt 00:00:44]} 22. a4 {[%clk 00:25:06]} {[%emt 00:01:19]} Qf6 {[%clk
00:36:57]} {[%emt 00:01:22]} 23. Rd6 {[%clk 00:17:52]} {[%emt 00:07:44]} Ne5
{[%clk 00:36:16]} {[%emt 00:01:10]} 24. Qc3 {[%clk 00:09:27]} {[%emt 00:08:56]}
Rad8 {[%clk 00:33:03]} {[%emt 00:03:43]} 25. Rcd1 {[%clk 00:06:05]} {[%emt
00:03:50]} Rxd6 {[%clk 00:32:52]} {[%emt 00:00:42]} 26. Rxd6 {[%clk 00:06:27]}
{[%emt 00:00:09]} Nf3+ {[%emt 00:00:08]} 0-1

[Event "ODJM A 2024"]
[Site "Willingen GER"]
[Date "2024.05.19"]
[Round "1"]
[White "Kamp, Aaron"]
[Black "Berelowitsch, Dana"]
[Result "1-0"]
[Termination "normal"]
[Board "16"]
[WhiteElo "1996"]
[BlackElo "1906"]
[WhiteClock "00:08:41"]
[BlackClock "00:00:40"]
[PlyCount "109"]
[WhiteFideId "16231120"]
[BlackFideId "12977144"]
[EventCountry "GER"]
[EventRounds "9"]
[EventType "swiss"]
[EventDate "2024.05.18"]

1. e4 {[%clk 01:30:57]} {[%emt 00:00:03]} c5 {[%clk 01:30:56]} {[%emt
00:00:05]} 2. b3 {[%clk 01:31:21]} {[%emt 00:00:05]} g6 {[%clk 01:30:51]}
{[%emt 00:00:35]} 3. Bb2 {[%clk 01:31:40]} {[%emt 00:00:11]} Nf6 {[%clk
01:31:03]} {[%emt 00:00:19]} 4. h4 {[%clk 01:31:53]} {[%emt 00:00:16]} Bg7
{[%clk 01:30:18]} {[%emt 00:01:15]} 5. e5 {[%clk 01:32:14]} {[%emt 00:00:09]}
Nd5 {[%clk 01:29:43]} {[%emt 00:01:06]} 6. Qf3 {[%clk 01:32:33]} {[%emt
00:00:10]} Nb4 {[%clk 01:27:45]} {[%emt 00:02:29]} 7. Na3 {[%clk 01:32:49]}
{[%emt 00:00:13]} N8c6 {[%clk 01:26:33]} {[%emt 00:01:42]} 8. O-O-O {[%clk
01:31:13]} {[%emt 00:02:06]} Bxe5 {[%clk 01:15:30]} {[%emt 00:11:33]} 9. Bxe5
{[%clk 01:23:41]} {[%emt 00:08:02]} Nxe5 {[%clk 01:15:07]} {[%emt 00:00:54]}
10. Qg3 {[%clk 01:23:27]} {[%emt 00:00:42]} d6 {[%clk 01:06:53]} {[%emt
00:08:45]} 11. f4 {[%clk 01:17:08]} {[%emt 00:06:48]} Nec6 {[%clk 00:59:11]}
{[%emt 00:08:13]} 12. c3 {[%clk 01:07:36]} {[%emt 00:10:02]} Nd5 {[%clk
00:55:04]} {[%emt 00:04:38]} 13. h5 {[%clk 01:00:41]} {[%emt 00:07:24]} Qa5
{[%clk 00:50:01]} {[%emt 00:05:34]} 14. Kb2 {[%clk 01:00:15]} {[%emt 00:00:55]}
Bf5 {[%clk 00:48:01]} {[%emt 00:02:30]} 15. Nc4 {[%clk 00:53:33]} {[%emt
00:07:12]} Qc7 {[%clk 00:47:57]} {[%emt 00:00:34]} 16. hxg6 {[%clk 00:50:19]}
{[%emt 00:03:43]} fxg6 {[%clk 00:47:57]} {[%emt 00:00:31]} 17. Qf3 {[%clk
00:43:15]} {[%emt 00:07:33]} Nf6 {[%clk 00:47:28]} {[%emt 00:01:00]} 18. Ne3
{[%clk 00:43:30]} {[%emt 00:00:15]} Be4 {[%clk 00:43:07]} {[%emt 00:04:51]} 19.
Qe2 {[%clk 00:37:47]} {[%emt 00:06:12]} Nd5 {[%clk 00:34:53]} {[%emt 00:08:44]}
20. Nxd5 {[%clk 00:35:51]} {[%emt 00:02:26]} Bxd5 {[%clk 00:35:08]} {[%emt
00:00:16]} 21. Qd3 {[%clk 00:34:43]} {[%emt 00:01:37]} Bf7 {[%clk 00:34:04]}
{[%emt 00:01:35]} 22. Nf3 {[%clk 00:34:27]} {[%emt 00:00:45]} c4 {[%clk
00:30:22]} {[%emt 00:04:13]} 23. bxc4 {[%clk 00:31:38]} {[%emt 00:03:17]} Na5
{[%clk 00:27:39]} {[%emt 00:03:15]} 24. Qd4 {[%clk 00:28:28]} {[%emt 00:03:39]}
O-O-O {[%clk 00:26:24]} {[%emt 00:01:46]} 25. Qxa7 {[%clk 00:26:49]} {[%emt
00:02:09]} Nxc4+ {[%clk 00:17:34]} {[%emt 00:09:21]} 26. Bxc4 {[%clk 00:26:41]}
{[%emt 00:00:37]} Qxc4 {[%clk 00:16:22]} {[%emt 00:01:42]} 27. Nd4 {[%clk
00:21:35]} {[%emt 00:05:35]} Qd5 {[%clk 00:14:17]} {[%emt 00:02:37]} 28. Rhe1
{[%clk 00:17:07]} {[%emt 00:04:57]} e5 {[%clk 00:13:25]} {[%emt 00:01:23]} 29.
fxe5 {[%clk 00:16:33]} {[%emt 00:01:03]} dxe5 {[%clk 00:13:41]} {[%emt
00:00:14]} 30. Nb3 {[%clk 00:16:12]} {[%emt 00:00:50]} Rhe8 {[%clk 00:11:13]}
{[%emt 00:02:59]} 31. g3 {[%clk 00:12:31]} {[%emt 00:04:11]} Kc7 {[%clk
00:10:17]} {[%emt 00:01:27]} 32. Qc5+ {[%clk 00:12:21]} {[%emt 00:00:39]} Qxc5
{[%clk 00:10:13]} {[%emt 00:00:34]} 33. Nxc5 {[%clk 00:12:44]} {[%emt
00:00:07]} Bd5 {[%clk 00:07:34]} {[%emt 00:03:08]} 34. d3 {[%clk 00:08:34]}
{[%emt 00:04:40]} Kc6 {[%clk 00:07:09]} {[%emt 00:00:55]} 35. Nb3 {[%clk
00:07:38]} {[%emt 00:01:27]} b6 {[%clk 00:05:11]} {[%emt 00:02:29]} 36. Re3
{[%clk 00:07:03]} {[%emt 00:01:03]} Kd6 {[%clk 00:04:11]} {[%emt 00:01:32]} 37.
Rde1 {[%clk 00:05:31]} {[%emt 00:02:00]} Re6 {[%clk 00:03:52]} {[%emt
00:00:49]} 38. c4 {[%clk 00:05:26]} {[%emt 00:00:36]} Bc6 {[%clk 00:02:36]}
{[%emt 00:01:46]} 39. d4 {[%clk 00:05:15]} {[%emt 00:00:40]} Ba4 {[%clk
00:02:41]} {[%emt 00:00:26]} 40. Rxe5 {[%clk 00:04:19]} {[%emt 00:01:25]} Rxe5
{[%clk 00:01:02]} {[%emt 00:02:09]} 41. Rxe5 {[%clk 00:04:11]} {[%emt
00:00:38]} Rc8 {[%clk 00:27:44]} {[%emt 00:03:48]} 42. Kc3 {[%clk 00:26:48]}
{[%emt 00:07:54]} Rf8 {[%clk 00:24:55]} {[%emt 00:03:19]} 43. Kb4 {[%clk
00:21:17]} {[%emt 00:06:00]} Bd7 {[%clk 00:23:14]} {[%emt 00:02:12]} 44. Nd2
{[%clk 00:17:50]} {[%emt 00:03:56]} Bc6 {[%clk 00:16:22]} {[%emt 00:07:22]} 45.
Ne4+ {[%clk 00:12:46]} {[%emt 00:05:34]} Bxe4 {[%clk 00:12:08]} {[%emt
00:04:45]} 46. Rxe4 {[%clk 00:13:08]} {[%emt 00:00:07]} Rf3 {[%clk 00:12:13]}
{[%emt 00:00:26]} 47. Rg4 {[%clk 00:13:12]} {[%emt 00:00:25]} Rf5 {[%clk
00:08:24]} {[%emt 00:04:20]} 48. d5 {[%clk 00:11:28]} {[%emt 00:02:31]} g5
{[%clk 00:07:52]} {[%emt 00:01:12]} 49. Re4 {[%clk 00:09:30]} {[%emt 00:02:01]}
Re5 {[%clk 00:05:16]} {[%emt 00:03:24]} 50. Rxe5 {[%clk 00:07:37]} {[%emt
00:02:05]} Kxe5 {[%clk 00:05:44]} {[%emt 00:00:03]} 51. g4 {[%clk 00:07:58]}
{[%emt 00:12:30]} Kd6 {[%clk 00:01:50]} 52. Kc3 {[%clk 00:07:46]} h5 {[%clk
00:01:04]} 53. gxh5 {[%clk 00:08:07]} g4 {[%clk 00:01:25]} 54. Kd3 {[%clk
00:08:18]} g3 {[%clk 00:00:40]} 55. Ke3 {[%clk 00:08:41]} 1-0

[Event "ODJM A 2024"]
[Site "Willingen GER"]
[Date "2024.05.19"]
[Round "1"]
[White "Schmidt, Boris"]
[Black "Meiwes, Thore"]
[Result "1-0"]
[Termination "normal"]
[Board "17"]
[WhiteElo "1918"]
[BlackElo "2050"]
[WhiteClock "00:42:17"]
[BlackClock "00:08:10"]
[PlyCount "125"]
[WhiteFideId "16238036"]
[BlackFideId "16201256"]
[EventCountry "GER"]
[EventRounds "9"]
[EventType "swiss"]
[EventDate "2024.05.18"]

1. d4 {[%clk 01:30:55]} {[%emt 00:00:05]} Nf6 {[%clk 01:30:55]} {[%emt
00:00:05]} 2. c4 {[%clk 01:31:20]} {[%emt 00:00:05]} e6 {[%clk 01:31:21]}
{[%emt 00:00:04]} 3. Nf3 {[%clk 01:31:46]} {[%emt 00:00:04]} a6 {[%clk
01:31:46]} {[%emt 00:00:05]} 4. a4 {[%clk 01:27:19]} {[%emt 00:04:57]} d5
{[%clk 01:29:50]} {[%emt 00:02:25]} 5. g3 {[%clk 01:24:29]} {[%emt 00:03:21]}
c5 {[%clk 01:28:51]} {[%emt 00:01:29]} 6. cxd5 {[%clk 01:21:54]} {[%emt
00:03:06]} Nxd5 {[%clk 01:27:41]} {[%emt 00:01:39]} 7. Bg2 {[%clk 01:10:55]}
{[%emt 00:11:30]} cxd4 {[%clk 01:26:46]} {[%emt 00:01:25]} 8. Nxd4 {[%clk
01:08:43]} {[%emt 00:02:42]} Bb4+ {[%clk 01:27:00]} {[%emt 00:00:15]} 9. Bd2
{[%clk 01:09:09]} {[%emt 00:00:04]} O-O {[%clk 01:23:26]} {[%emt 00:04:05]} 10.
O-O {[%clk 01:07:45]} {[%emt 00:01:53]} Bc5 {[%clk 01:21:55]} {[%emt 00:01:59]}
11. Nb3 {[%clk 01:05:03]} {[%emt 00:03:14]} Ba7 {[%clk 01:22:12]} {[%emt
00:00:13]} 12. e4 {[%clk 00:53:16]} {[%emt 00:12:18]} Nf6 {[%clk 01:21:02]}
{[%emt 00:01:39]} 13. Bb4 {[%clk 00:46:34]} {[%emt 00:07:12]} Qxd1 {[%clk
01:20:25]} {[%emt 00:01:07]} 14. Rxd1 {[%clk 00:45:14]} {[%emt 00:01:51]} Re8
{[%clk 01:20:53]} {[%emt 00:00:01]} 15. e5 {[%clk 00:45:19]} {[%emt 00:00:25]}
Ng4 {[%clk 01:20:45]} {[%emt 00:00:37]} 16. Bc5 {[%clk 00:45:36]} {[%emt
00:00:14]} Nxe5 {[%clk 01:18:00]} {[%emt 00:03:14]} 17. N1d2 {[%clk 00:40:27]}
{[%emt 00:05:39]} Nbc6 {[%clk 01:14:33]} {[%emt 00:03:58]} 18. Ne4 {[%clk
00:40:21]} {[%emt 00:00:36]} Nc4 {[%clk 00:53:08]} {[%emt 00:21:55]} 19. Nd6
{[%clk 00:38:34]} {[%emt 00:02:17]} Nxd6 {[%clk 00:52:55]} {[%emt 00:00:43]}
20. Rxd6 {[%clk 00:38:15]} {[%emt 00:00:49]} Bb8 {[%clk 00:49:30]} {[%emt
00:03:54]} 21. Rxc6 {[%clk 00:38:36]} {[%emt 00:00:09]} Be5 {[%clk 00:35:27]}
{[%emt 00:14:33]} 22. Rb6 {[%clk 00:36:22]} {[%emt 00:02:45]} Bxb2 {[%clk
00:32:05]} {[%emt 00:03:51]} 23. Rb1 {[%clk 00:35:59]} {[%emt 00:00:54]} Bf6
{[%clk 00:29:38]} {[%emt 00:02:56]} 24. Bxb7 {[%clk 00:35:15]} {[%emt
00:01:15]} Bxb7 {[%clk 00:28:10]} {[%emt 00:01:59]} 25. Rxb7 {[%clk 00:35:39]}
{[%emt 00:00:05]} g6 {[%clk 00:27:12]} {[%emt 00:01:27]} 26. Be3 {[%clk
00:35:12]} {[%emt 00:00:57]} Rec8 {[%clk 00:26:50]} {[%emt 00:00:52]} 27. Nc5
{[%clk 00:35:30]} {[%emt 00:00:12]} Bg5 {[%clk 00:24:17]} {[%emt 00:03:03]} 28.
f4 {[%clk 00:31:44]} {[%emt 00:04:17]} Bd8 {[%clk 00:23:31]} {[%emt 00:01:15]}
29. Rd1 {[%clk 00:31:27]} {[%emt 00:00:48]} Rab8 {[%clk 00:22:00]} {[%emt
00:02:01]} 30. Rxb8 {[%clk 00:30:55]} {[%emt 00:01:02]} Rxb8 {[%clk 00:22:28]}
{[%emt 00:00:02]} 31. Nxa6 {[%clk 00:31:16]} {[%emt 00:00:09]} Ra8 {[%clk
00:22:48]} {[%emt 00:00:09]} 32. Rd6 {[%clk 00:31:09]} {[%emt 00:00:38]} Kf8
{[%clk 00:22:20]} {[%emt 00:00:57]} 33. Bc5 {[%clk 00:28:13]} {[%emt 00:03:27]}
Ke8 {[%clk 00:22:48]} {[%emt 00:00:02]} 34. Bb6 {[%clk 00:28:00]} {[%emt
00:00:43]} Rxa6 {[%clk 00:22:14]} {[%emt 00:01:04]} 35. Rxd8+ {[%clk 00:28:26]}
{[%emt 00:00:04]} Ke7 {[%clk 00:22:36]} {[%emt 00:00:07]} 36. Rb8 {[%clk
00:24:11]} {[%emt 00:04:45]} Rxa4 {[%clk 00:19:52]} {[%emt 00:03:15]} 37. Rb7+
{[%clk 00:24:29]} {[%emt 00:00:12]} Kf6 {[%clk 00:15:09]} {[%emt 00:05:11]} 38.
Bc7 {[%clk 00:24:21]} {[%emt 00:00:39]} Kf5 {[%clk 00:14:31]} {[%emt 00:01:07]}
39. Be5 {[%clk 00:24:43]} {[%emt 00:00:09]} f6 {[%clk 00:12:13]} {[%emt
00:02:48]} 40. Rf7 {[%clk 00:24:45]} {[%emt 00:00:28]} Ke4 {[%clk 00:12:28]}
{[%emt 00:00:15]} 41. Bxf6 {[%clk 00:22:37]} {[%emt 00:02:39]} Kf3 {[%clk
00:12:24]} {[%emt 00:00:34]} 42. Rc7 {[%clk 00:22:42]} {[%emt 00:00:24]} Ra2
{[%clk 00:09:13]} {[%emt 00:03:40]} 43. Rc3+ {[%clk 00:23:08]} {[%emt
00:00:06]} Kg4 {[%clk 00:09:33]} {[%emt 00:00:10]} 44. Rb3 {[%clk 00:23:20]}
{[%emt 00:00:17]} Kh3 {[%clk 00:07:44]} {[%emt 00:02:19]} 45. Bb2 {[%clk
00:23:46]} {[%emt 00:00:05]} Ra6 {[%clk 00:05:26]} {[%emt 00:02:48]} 46. Rd3
{[%clk 00:12:55]} {[%emt 00:11:21]} Rb6 {[%clk 00:02:28]} {[%emt 00:03:27]} 47.
Rd2 {[%clk 00:13:20]} {[%emt 00:00:05]} Rb3 {[%clk 00:00:36]} {[%emt 00:02:22]}
48. Kf1 {[%clk 00:12:29]} {[%emt 00:01:21]} h6 {[%clk 00:26:55]} {[%emt
00:04:11]} 49. Ke1 {[%clk 00:41:40]} {[%emt 00:01:19]} g5 {[%clk 00:26:53]}
{[%emt 00:00:32]} 50. fxg5 {[%clk 00:42:04]} {[%emt 00:00:06]} hxg5 {[%clk
00:27:19]} {[%emt 00:00:04]} 51. Kd1 {[%clk 00:42:25]} {[%emt 00:00:09]} g4
{[%clk 00:25:37]} {[%emt 00:02:12]} 52. Ke1 {[%clk 00:41:22]} {[%emt 00:01:34]}
Rb4 {[%clk 00:15:45]} {[%emt 00:10:22]} 53. Kf1 {[%clk 00:41:20]} {[%emt
00:00:32]} e5 {[%clk 00:15:09]} {[%emt 00:01:06]} 54. Kg1 {[%clk 00:41:26]}
{[%emt 00:00:23]} Rb7 {[%clk 00:12:44]} {[%emt 00:02:55]} 55. Rd6 {[%clk
00:41:30]} {[%emt 00:00:26]} Rh7 {[%clk 00:12:37]} {[%emt 00:00:37]} 56. Bxe5
{[%clk 00:41:37]} {[%emt 00:00:24]} Rh8 {[%clk 00:10:03]} {[%emt 00:03:04]} 57.
Bf4 {[%clk 00:41:56]} {[%emt 00:00:10]} Rh5 {[%clk 00:07:52]} {[%emt 00:02:41]}
58. Kf2 {[%clk 00:42:17]} {[%emt 00:00:08]} Kxh2 {[%clk 00:08:10]} 59. Rh6
{[%clk 00:42:17]} Rh3 {[%clk 00:08:10]} 60. Rxh3 {[%clk 00:42:17]} gxh3 {[%clk
00:08:10]} 61. g4 {[%clk 00:42:17]} Kh1 {[%clk 00:08:10]} 62. g5 {[%clk
00:42:17]} h2 {[%clk 00:08:10]} 63. Bxh2 {[%clk 00:42:17]} 1-0

[Event "ODJM A 2024"]
[Site "Willingen GER"]
[Date "2024.05.19"]
[Round "1"]
[White "Astner, Sebastian"]
[Black "Mehner, Lorenz"]
[Result "0-1"]
[Termination "normal"]
[Board "18"]
[WhiteElo "1930"]
[BlackElo "1799"]
[WhiteClock "00:22:43"]
[BlackClock "00:00:53"]
[PlyCount "76"]
[WhiteFideId "12979422"]
[BlackFideId "16293096"]
[EventCountry "GER"]
[EventRounds "9"]
[EventType "swiss"]
[EventDate "2024.05.18"]

1. e4 {[%clk 01:30:57]} {[%emt 00:00:02]} c5 {[%clk 01:30:48]} {[%emt
00:00:13]} 2. Nf3 {[%clk 01:31:21]} {[%emt 00:00:06]} d6 {[%clk 01:31:06]}
{[%emt 00:00:12]} 3. d4 {[%clk 01:31:45]} {[%emt 00:00:06]} cxd4 {[%clk
01:31:27]} {[%emt 00:00:09]} 4. Nxd4 {[%clk 01:32:10]} {[%emt 00:00:06]} Nf6
{[%clk 01:31:45]} {[%emt 00:00:11]} 5. Nc3 {[%clk 01:32:33]} {[%emt 00:00:07]}
g6 {[%clk 01:31:55]} {[%emt 00:00:20]} 6. Be3 {[%clk 01:32:56]} {[%emt
00:00:06]} Bg7 {[%clk 01:32:12]} {[%emt 00:00:13]} 7. f3 {[%clk 01:33:21]}
{[%emt 00:00:06]} O-O {[%clk 01:32:23]} {[%emt 00:00:19]} 8. Qd2 {[%clk
01:33:47]} {[%emt 00:00:04]} Nc6 {[%clk 01:32:44]} {[%emt 00:00:09]} 9. O-O-O
{[%clk 01:34:12]} {[%emt 00:00:04]} d5 {[%clk 01:32:40]} {[%emt 00:00:35]} 10.
exd5 {[%clk 01:34:15]} {[%emt 00:00:27]} Nxd5 {[%clk 01:32:53]} {[%emt
00:00:17]} 11. Nxc6 {[%clk 01:34:37]} {[%emt 00:00:08]} bxc6 {[%clk 01:33:15]}
{[%emt 00:00:08]} 12. Bd4 {[%clk 01:35:02]} {[%emt 00:00:04]} e5 {[%clk
01:33:16]} {[%emt 00:00:30]} 13. Bc5 {[%clk 01:35:28]} {[%emt 00:00:04]} Be6
{[%clk 01:33:20]} {[%emt 00:00:26]} 14. Ne4 {[%clk 01:35:53]} {[%emt 00:00:04]}
Re8 {[%clk 01:33:30]} {[%emt 00:00:21]} 15. h4 {[%clk 01:36:20]} {[%emt
00:00:04]} Qc7 {[%clk 01:25:34]} {[%emt 00:08:24]} 16. h5 {[%clk 01:32:11]}
{[%emt 00:04:40]} a5 {[%clk 01:16:56]} {[%emt 00:09:09]} 17. hxg6 {[%clk
01:30:57]} {[%emt 00:01:44]} fxg6 {[%clk 01:02:57]} {[%emt 00:14:28]} 18. Bc4
{[%clk 01:21:57]} {[%emt 00:09:30]} Nf4 {[%clk 00:52:51]} {[%emt 00:10:36]} 19.
Qc3 {[%clk 01:16:38]} {[%emt 00:05:49]} Qf7 {[%clk 00:47:03]} {[%emt 00:06:17]}
20. Bxe6 {[%clk 01:04:37]} {[%emt 00:12:31]} Qxe6 {[%clk 00:45:25]} {[%emt
00:02:06]} 21. Kb1 {[%clk 01:02:44]} {[%emt 00:02:25]} Nd5 {[%clk 00:37:47]}
{[%emt 00:08:08]} 22. Qc4 {[%clk 01:00:13]} {[%emt 00:03:02]} h6 {[%clk
00:36:41]} {[%emt 00:01:35]} 23. Rhe1 {[%clk 00:54:15]} {[%emt 00:06:28]} Reb8
{[%clk 00:29:42]} {[%emt 00:07:29]} 24. Nc3 {[%clk 00:48:44]} {[%emt 00:06:02]}
e4 {[%clk 00:14:13]} {[%emt 00:15:58]} 25. Rd4 {[%clk 00:41:18]} {[%emt
00:07:56]} Bxd4 {[%clk 00:07:29]} {[%emt 00:07:15]} 26. Qxd4 {[%clk 00:41:28]}
{[%emt 00:00:19]} Nxc3+ {[%clk 00:04:35]} {[%emt 00:03:24]} 27. Qxc3 {[%clk
00:41:54]} {[%emt 00:00:05]} Qd5 {[%clk 00:03:29]} {[%emt 00:01:35]} 28. fxe4
{[%clk 00:41:28]} {[%emt 00:00:56]} Qe6 {[%clk 00:03:19]} {[%emt 00:00:39]} 29.
e5 {[%clk 00:40:10]} {[%emt 00:01:50]} Rb7 {[%clk 00:01:44]} {[%emt 00:02:04]}
30. Bd6 {[%clk 00:38:39]} {[%emt 00:02:01]} Qd5 {[%clk 00:01:22]} {[%emt
00:00:52]} 31. Qg3 {[%clk 00:37:16]} {[%emt 00:01:52]} g5 {[%clk 00:01:35]}
{[%emt 00:00:17]} 32. a3 {[%clk 00:32:18]} {[%emt 00:05:29]} Re8 {[%clk
00:01:23]} {[%emt 00:00:42]} 33. Qh3 {[%clk 00:30:24]} {[%emt 00:02:24]} Kg7
{[%clk 00:01:13]} {[%emt 00:00:40]} 34. Rh1 {[%clk 00:25:35]} {[%emt 00:05:20]}
Re6 {[%clk 00:00:51]} {[%emt 00:00:51]} 35. b3 {[%clk 00:23:53]} {[%emt
00:02:12]} c5 {[%clk 00:00:58]} {[%emt 00:00:23]} 36. Rf1 {[%clk 00:22:52]}
{[%emt 00:01:32]} Rg6 {[%clk 00:00:45]} {[%emt 00:00:43]} 37. Qf5 {[%clk
00:22:31]} {[%emt 00:00:50]} Rf7 {[%clk 00:00:44]} {[%emt 00:00:31]} 38. Bf8+
{[%clk 00:22:43]} {[%emt 00:00:10]} Kxf8 {[%clk 00:00:53]} {[%emt 00:00:30]}
0-1

[Event "ODJM A 2024"]
[Site "Willingen GER"]
[Date "2024.05.19"]
[Round "1"]
[White "Seitz, Manuel"]
[Black "Frohnhäuser, Simon"]
[Result "1/2-1/2"]
[Termination "normal"]
[Board "19"]
[WhiteElo "1882"]
[BlackElo "1985"]
[WhiteClock "00:07:42"]
[BlackClock "00:06:18"]
[PlyCount "60"]
[WhiteFideId "16215770"]
[BlackFideId "16208528"]
[EventCountry "GER"]
[EventRounds "9"]
[EventType "swiss"]
[EventDate "2024.05.18"]

1. e4 {[%clk 01:30:56]} {[%emt 00:00:03]} c5 {[%clk 01:30:49]} {[%emt
00:00:11]} 2. f4 {[%clk 01:31:11]} {[%emt 00:00:15]} a6 {[%clk 01:31:13]}
{[%emt 00:00:07]} 3. Nf3 {[%clk 01:31:09]} {[%emt 00:00:30]} d5 {[%clk
01:31:26]} {[%emt 00:00:18]} 4. exd5 {[%clk 01:28:51]} {[%emt 00:02:49]} Qxd5
{[%clk 01:31:35]} {[%emt 00:00:21]} 5. Nc3 {[%clk 01:28:07]} {[%emt 00:01:13]}
Qd6 {[%clk 01:31:20]} {[%emt 00:00:45]} 6. d3 {[%clk 01:23:31]} {[%emt
00:05:05]} Nf6 {[%clk 01:26:01]} {[%emt 00:05:49]} 7. Ne4 {[%clk 01:18:00]}
{[%emt 00:06:01]} Nxe4 {[%clk 01:10:03]} {[%emt 00:16:28]} 8. dxe4 {[%clk
01:17:24]} {[%emt 00:01:06]} Qxd1+ {[%clk 01:08:02]} {[%emt 00:02:31]} 9. Kxd1
{[%clk 01:17:22]} {[%emt 00:00:32]} Nc6 {[%clk 01:08:27]} {[%emt 00:00:05]} 10.
c3 {[%clk 01:16:07]} {[%emt 00:01:45]} g6 {[%clk 00:59:51]} {[%emt 00:09:07]}
11. Be3 {[%clk 01:11:13]} {[%emt 00:05:24]} b6 {[%clk 00:59:55]} {[%emt
00:00:26]} 12. Kc2 {[%clk 01:05:18]} {[%emt 00:06:24]} Bh6 {[%clk 00:59:10]}
{[%emt 00:01:15]} 13. g3 {[%clk 00:56:33]} {[%emt 00:09:16]} Bb7 {[%clk
00:55:27]} {[%emt 00:04:14]} 14. Be2 {[%clk 00:51:09]} {[%emt 00:05:53]} Na5
{[%clk 00:43:24]} {[%emt 00:12:33]} 15. Nd2 {[%clk 00:48:56]} {[%emt 00:02:42]}
f5 {[%clk 00:43:07]} {[%emt 00:00:48]} 16. Bf3 {[%clk 00:45:54]} {[%emt
00:03:32]} O-O-O {[%clk 00:42:39]} {[%emt 00:00:58]} 17. b4 {[%clk 00:31:18]}
{[%emt 00:15:06]} cxb4 {[%clk 00:41:55]} {[%emt 00:01:14]} 18. cxb4 {[%clk
00:29:18]} {[%emt 00:02:30]} Nc6 {[%clk 00:42:20]} {[%emt 00:00:04]} 19. a3
{[%clk 00:28:21]} {[%emt 00:01:28]} Nd4+ {[%clk 00:41:30]} {[%emt 00:01:19]}
20. Bxd4 {[%clk 00:26:46]} {[%emt 00:02:06]} Rxd4 {[%clk 00:41:54]} {[%emt
00:00:05]} 21. Nb3 {[%clk 00:19:14]} {[%emt 00:08:02]} Rc4+ {[%clk 00:38:44]}
{[%emt 00:03:40]} 22. Kd3 {[%clk 00:13:23]} {[%emt 00:06:21]} b5 {[%clk
00:38:58]} {[%emt 00:00:17]} 23. Nc5 {[%clk 00:12:32]} {[%emt 00:01:21]} Rd8+
{[%clk 00:29:45]} {[%emt 00:09:42]} 24. Ke3 {[%clk 00:12:27]} {[%emt 00:00:35]}
Rc3+ {[%clk 00:17:55]} {[%emt 00:12:21]} 25. Ke2 {[%clk 00:12:20]} {[%emt
00:00:35]} fxe4 {[%clk 00:07:00]} {[%emt 00:11:27]} 26. Bxe4 {[%clk 00:12:16]}
{[%emt 00:00:34]} Bxe4 {[%clk 00:06:30]} {[%emt 00:00:59]} 27. Nxe4 {[%clk
00:12:36]} {[%emt 00:00:09]} Rc2+ {[%clk 00:06:45]} {[%emt 00:00:16]} 28. Ke3
{[%clk 00:11:23]} {[%emt 00:01:44]} Kb8 {[%clk 00:06:38]} {[%emt 00:00:37]} 29.
Rac1 {[%clk 00:07:53]} {[%emt 00:03:59]} Ra2 {[%clk 00:06:37]} {[%emt
00:00:31]} 30. Ra1 {[%clk 00:07:42]} {[%emt 00:00:41]} Rc2 {[%clk 00:06:18]}
{[%emt 00:00:49]} 1/2-1/2